Statistics for Top 10 Coldest Asian Countries

Click here to take the quiz!

General Stats

  • This quiz has been taken 36 times
  • The average score is 9 of 11

Answer Stats

° CCountry° F% Correct
0.8Mongolia33.4
97%
-3.8Russia25.2
97%
7.3Kazakhstan45.1
94%
7.2North Korea45.0
91%
7.9China46.2
88%
10.0Nepal50.0
88%
5.7Bhutan42.3
76%
2.8Kyrgyzstan37.0
76%
2.6Tajikistan36.7
76%
8.1Georgia46.6
74%
8.6Armenia47.5
71%

Score Distribution

Percentile by Number Answered

Percent of People with Each Score

Your Score History

You have not taken this quiz